000 00889nam a2200217Ia 4500
001 5165
003 GE_BSU
008 181216s||||||||xx |||||||||||||| ||und||
040 _cGE_BSU
080 _a519.852.6(076.5)+004.42
245 _aპრაქტიკული სახელმძღვანელო გამოთვლების მეთოდებსა და პროგრამირებაში
245 _b2 ნაწ.
245 _cრედ.ე. გიორგაძე
260 _aთბილისი
260 _bსპი
260 _c1980
300 _a108გვ.20სმ.
300 _eბიბლიოგრ; გვ.104
653 _aპრაქტიკული სახელმძღვანელო გამოთვლების მეთოდებსა და პროგრამირებაში
942 _cBK
999 _c38802
_d38802